Southville International School and Colleges
Your cart is empty.
  • Cart
  • Lists
    Public lists list_1 View all
    Your lists Log in to create your own lists
  • Log in to your account
  • Your cookies
  • Search history
Southville International School and Colleges
  • Advanced search
  • Recent comments
  • Most popular
  • Libraries

Log in to your account

Log in with GOOGLE


If you do not have an external account, but do have a local account, you can still log in:

  1. Home
  2. MARC view: Ang mga kaibigan ni Ella /
Normal view MARC view ISBD view

Ang mga kaibigan ni Ella / (Record no. 103613)

[ view plain ]
MARC details
000 -LEADER
fixed length control field 00431nam a2200157 a 4500
005 - DATE AND TIME OF LATEST TRANSACTION
control field 20140412111304.0
008 - FIXED-LENGTH DATA ELEMENTS--GENERAL INFORMATION
fixed length control field 120529s19uu xx 00 eng d
020 ## - INTERNATIONAL STANDARD BOOK NUMBER
International Standard Book Number 971-23-2065-0
050 ## - LIBRARY OF CONGRESS CALL NUMBER
Classification number FIL E
Item number El1 1996
100 ## - MAIN ENTRY--PERSONAL NAME
Personal name Torralba, John Enrico
245 ## - TITLE STATEMENT
Title Ang mga kaibigan ni Ella /
Statement of responsibility, etc John Enrico Torralba.
260 ## - PUBLICATION, DISTRIBUTION, ETC. (IMPRINT)
Place of publication, distribution, etc Philippines :
Name of publisher, distributor, etc Children's books,
Date of publication, distribution, etc 1996.
300 ## - PHYSICAL DESCRIPTION
Extent 16p.
650 ## - SUBJECT ADDED ENTRY--TOPICAL TERM
Topical term or geographic name as entry element Friendship
Holdings
Withdrawn status Lost status Damaged status Home library Current library Shelving location Date acquired Source of acquisition Total Checkouts Full call number Barcode Date last seen Price effective from Koha item type
      Elizalde Library Elizalde Library Filipiniana Section 05/29/2012     FIL E El1 1996 E5459 04/12/2014 04/12/2014 Books

Ang mga kaibigan ni Ella /

APA

Torralba J. E., . (1996). Ang mga kaibigan ni Ella. Philippines: Children's books.

Chicago

Torralba John Enrico, . 1996. Ang mga kaibigan ni Ella. Philippines: Children's books.

Harvard

Torralba J. E., . (1996). Ang mga kaibigan ni Ella. Philippines: Children's books.

MLA

Torralba John Enrico, . Ang mga kaibigan ni Ella. Philippines: Children's books. 1996.

  • Place hold
  • Print
  • Cite
  • Add to your cart (remove)
  • Save record
    BIBTEX Dublin Core MARCXML MARC (non-Unicode/MARC-8) MARC (Unicode/UTF-8) MARC (Unicode/UTF-8, Standard) MODS (XML) RIS
  • More searches
    Search for this title in:
    Other Libraries (WorldCat) Other Databases (Google Scholar) Online Stores (Bookfinder.com) Open Library (openlibrary.org)

Exporting to Dublin Core...

SOUTHVILLE LIBRARY

Southville International School and Colleges Library

1281 Tropical Ave. Cor. Luxembourg St., BF Homes International, Las Pinas City

Tel. No. 8256374 / 252358 Loc. 117/146

Powered by Koha